| 000 | 00000nas 2200000za 4500 |
| 001 | 9.816963 |
| 003 | CaOODSP |
| 005 | 20250403105750 |
| 007 | cr ||||||||||| |
| 008 | 160504d19761996oncar p oss f000#b0fre|d |
| 022 | |y0701-7928 |
| 040 | |aCaOODSP|bfre |
| 041 | |aeng|afre |
| 043 | |an-cn--- |
| 086 | 1 |aCS51-005-PDF |
| 086 | 1 |aCS51-203-PDF |
| 245 | 00|aAir carrier traffic at Canadian airports |h[ressource électronique] / |cStatistics Canada, Aviation Statistics Centre, Transportation and Communications Division = Trafic des tranporteurs aériens aux aéroports canadiens / Statistique Canada, Centre des statistiques de l'aviation, Division des transports et des communications. |
| 246 | 11|aTrafic des transporteurs aériens aux aéroports canadiens |
| 260 | |aOttawa : |bStatistics Canada = Statistique Canada, |c1977-1997. |
| 310 | |aAnnuel, |b1995-1996 |
| 321 | |aTrimestriel, |bv. 1, no. 1 (1976)-v. 18, no. 4 (1994) |
| 362 | 0 |aVol. 1, no. 1 (1er trimestre 1976)-1996. |
| 500 | |aÉdition numérisée de l’imprimé [par Statistique Canada]. |
| 546 | |aTexte en anglais et en français. |
| 580 | |aFait suite après scission à : Airport activity statistics. |
| 692 | 07|2gccst|aAviation civile |
| 692 | 07|2gccst|aCompagnie aérienne |
| 692 | 07|2gccst|aTransport aérien |
| 710 | 2 |aCentre des statistiques de l'aviation (Canada) |
| 710 | 2 |aStatistique Canada. |
| 776 | 0#|tTrafic des transporteurs aériens aux aéroports canadiens |w(CaOODSP)9.508207 |
| 780 | 00|tAir carrier traffic at Canadian airports |w(CaOODSP)9.817045 |
| 785 | 00|tAir carrier traffic at Canadian airports |w(CaOODSP)9.500322 |
| 791 | |tAir carrier traffic at Canadian airports |eeng|w(CaOODSP)9.816956 |